000 00312nam a2200133 i 4500
001 bg
100 1 _aJASKULSKI, Jerzy
245 0 _aIndukcyjne dzielniki napięcia /
_cJ. Jaskulski.
260 _aWrocław,
_c1984.
040 _cBPK
041 _apol
942 _cKS
008 s pl f |000 0 pol
999 _c23271
_d23271
856 _uhttp://koha.tu.koszalin.pl/cgi-bin/koha/opac-detail.pl?biblionumber=23271
_yKatalog online BPK